000 00874nam a2200265Ia 4500
003 OSt
005 20220918220531.0
006 a|||||r|||| 00| 0
007 ta
008 220917b |||||||| |||| 00| 0 eng d
024 _a146,290
037 _cTextual
040 _aARTS
_cARTS
_beng
041 _2eng
_aeng
082 _aY9(W691):10aFp73,N75, L7
110 _aConference on terchnology and communist culture (Italy) 1975
_9137700
245 0 _aPapers ed by Frederic and Fleron
260 _aNew York
_bPraeger pub 1977
_c1977
300 _axii 518p Plates
_ccm.
490 _aPraeger special studies in international politics and government
650 _aSOCIOLOGY
700 _aConference on terchnology and communist culture (Italy) 1975
_9137701
942 _hY9(W691):10aFp73,N75, L7
_cTEXL
_2CC
999 _c269046
_d269046